KOHA-Header-6

Object-Oriented Programming With C++ And JAVA (Record no. 6524)

000 -LEADER
fixed length control field 00287nam a2200109Ia 4500
100 ## - MAIN ENTRY--AUTHOR NAME
Personal name D. Samanta
245 #0 - TITLE STATEMENT
Title Object-Oriented Programming With C++ And JAVA
260 ## - PUBLICATION, DISTRIBUTION, ETC. (IMPRINT)
Place of publication India
Name of publisher Oxford University Press
Year of publication 2008
300 ## - PHYSICAL DESCRIPTION
Number of Pages 326
942 ## - ADDED ENTRY ELEMENTS (KOHA)
Koha item type Books
Holdings
Withdrawn status Lost status Collection code Permanent Location Current Location Shelving location Date acquired Full call number Accession Number Koha item type
    Computer Languages MAJU MAJU Shelf No.A33 2019-09-07 505.75 6150 Computer Languages

Powered by Koha